| 000 | 01051nam0a2200313 i 4500 | ||
|---|---|---|---|
| 001 | RU\NLR\BIBL_A\010535244 | ||
| 005 | 20241106063245.0 | ||
| 010 | _a9785871076439 | ||
| 021 |
_aRU _b2014-69581 _94266 |
||
| 035 | _a(NLR Aleph) 010535244 | ||
| 090 |
_a10274709 _c10274709 |
||
| 100 | _a20141120d2014 u y0rusy50 ca | ||
| 101 | 0 | _arus | |
| 102 | _aRU | ||
| 105 | _aa|||z|||000yy | ||
| 200 | 1 |
_aТурция _f[авт. текста: Г. Абдрахманова] |
|
| 210 |
_aМосква _cДирект-Медиа _cКомсомольская правда _d2014 |
||
| 215 |
_a95 с. _cцв. ил., карта _d31 |
||
| 225 | 1 |
_aПутешествуй с удовольствием _vт. 14 |
|
| 300 | _aАвт. указан перед вып. дан. | ||
| 333 | _a12+ | ||
| 607 |
_aТурция _jПутеводители _91007325 _3RU\NLR\AUTH\6665216 |
||
| 686 | 1 | _aД890(53Ту)я23 | |
| 686 | 1 | _aТ3(5Ту)я23 | |
| 700 | 1 |
_aАбдрахманова _bГ. |
|
| 942 | _cBOOK | ||
| 980 | _aNBR | ||